Central Library OPAC University of Rajshahi

Islamic and Western concepts of civilization : (Record no. 63833)

MARC details
000 -LEADER
fixed length control field 00982nam a2200289 a 4500
001 - CONTROL NUMBER
control field 63833
003 - CONTROL NUMBER IDENTIFIER
rucl marc code BD-RjUL
005 - DATE AND TIME OF LATEST TRANSACTION
control field 20211209081234.0
008 - FIXED-LENGTH DATA ELEMENTS--GENERAL INFORMATION
fixed length control field 170204s2006 enka b 001 0 eng d
020 ## - INTERNATIONAL STANDARD BOOK NUMBER
International Standard Book Number 0954188241 (pbk.)
035 ## - SYSTEM CONTROL NUMBER
System control number (BD-RjUL)63963
System control number (UkOxU)UkOxUw13796017
040 ## - CATALOGING SOURCE
Original cataloging agency StDuBDS
Language of cataloging eng
Transcribing agency StDuBDS
Modifying agency BD-RjUL
041 ## - LANGUAGE CODE
Language code of text/sound track or separate title eng
082 04 - DEWEY DECIMAL CLASSIFICATION NUMBER
Classification number 909.09767
Edition number 22
Author mark and year BEI 2006
100 1# - MAIN ENTRY--PERSONAL NAME
Personal name Beg, Muhammad Abdul Jabbar.
9 (RLIN) 187456
245 10 - TITLE STATEMENT
Title Islamic and Western concepts of civilization :
Remainder of title an analysis of history /
Statement of responsibility, etc. by Muhammad Abdul Jabbar Beg.
250 ## - EDITION STATEMENT
Edition statement 4th ed.
260 ## - PUBLICATION, DISTRIBUTION, ETC. (IMPRINT)
Place of publication, distribution, etc. Cambridge :
Name of publisher, distributor, etc. M. A. J. Beg,
Date of publication, distribution, etc. 2006.
300 ## - PHYSICAL DESCRIPTION
Pagination 104 p. :
Illustrations ill. ;
Size 19 cm.
500 ## - GENERAL NOTE
General note Previous ed.: Kuala Lumpur: University of Malaysia Press, 1982.
504 ## - BIBLIOGRAPHY, ETC. NOTE
Bibliography, etc Includes bibliographical references and index.
650 #0 - SUBJECT ADDED ENTRY--TOPICAL TERM
Topical term or geographic name as entry element Islamic civilization.
9 (RLIN) 176041
Topical term or geographic name as entry element Civilization, Western.
9 (RLIN) 187951
Topical term or geographic name as entry element Comparative civilization.
9 (RLIN) 189517
942 ## - ADDED ENTRY ELEMENTS (KOHA)
Source of classification or shelving scheme Dewey Decimal Classification
Koha item type Books
Holdings
Lost status Source of classification or shelving scheme Damaged status Not for loan Collection code Permanent Location Current Location Shelving location Date acquired Source of acquisition Total Checkouts Full call number Date last seen Copy number Koha item type
  Dewey Decimal Classification   Not For Loan Non-fiction Central Library, University of Rajshahi Central Library, University of Rajshahi Reading Room 29/09/2012 RUCL   909.09767 BEI 2006 04/02/2017 C-1 Books